| 000 | 00521nam a2200181Ia 4500 | ||
|---|---|---|---|
| 001 | 23483 | ||
| 005 | 20260414150940.0 | ||
| 008 | 260414t2017||||xx |||||||||||||| ||spa|| | ||
| 041 | _aESP | ||
| 082 |
_a650.1 _bK449 |
||
| 100 |
_aKiyosaki, Robert T. _eAUT |
||
| 245 | 0 |
_aPadre rico, padre pobre : _bqué les enseñan los ricos a sus hijos acerca del dinero, ¡que los pobres y la clase media no! |
|
| 260 | _c2017 | ||
| 300 |
_a231 páginas : _c23 cm. |
||
| 650 | _aGEN | ||
| 654 | _aCCO | ||
| 942 |
_cLIB _dJUS _fJUS _2ddc _n |
||
| 999 |
_c23483 _d23483 |
||